00528nam a2200169 a 4500008004100000020002300041100002000064245008400084260003600168300003400204504005400238500002000292650001900312003000100331005001700332040000900349  a0471122106 (cased)1 aKinney, John J.10aProbability :ban introduction with statistical applications /cJohn J. Kinney. aNew York :bJohn Wiley,cc1997. axiv, 513 p. :bill. ;c25 cm. aIncludes bibliographical references : p. 437-438. aIncludes index. 0aProbabilities.20230123133440.0 cNUST